<?xml version="1.0" encoding="UTF-8"?>
<record
    xmlns:xsi="http://www.w3.org/2001/XMLSchema-instance"
    xsi:schemaLocation="http://www.loc.gov/MARC21/slim http://www.loc.gov/standards/marcxml/schema/MARC21slim.xsd"
    xmlns="http://www.loc.gov/MARC21/slim">

  <leader>02251nam a22003017a 4500</leader>
  <controlfield tag="003">UA-OsUOA</controlfield>
  <controlfield tag="001"> 136247 </controlfield>
  <controlfield tag="007">ta</controlfield>
  <controlfield tag="008">20190314b un ||||| |||| 00| 0 ukr d</controlfield>
  <datafield tag="090" ind1=" " ind2=" ">
    <subfield code="b">Q-56</subfield>
  </datafield>
  <datafield tag="942" ind1=" " ind2=" ">
    <subfield code="c">MGN</subfield>
  </datafield>
  <datafield tag="040" ind1=" " ind2=" ">
    <subfield code="a">UA-OsUOA</subfield>
    <subfield code="b">eng</subfield>
    <subfield code="c">UA-OsUOA</subfield>
    <subfield code="d">UA-OsUOA</subfield>
  </datafield>
  <datafield tag="245" ind1=" " ind2=" ">
    <subfield code="a">Qualitative Research in Education</subfield>
    <subfield code="c">Jose J. Barba&#x2020;, (founder editor) (1976-2016), University of Valladolid, Spain</subfield>
  </datafield>
  <datafield tag="955" ind1=" " ind2=" ">
    <subfield code="a">1</subfield>
  </datafield>
  <datafield tag="041" ind1=" " ind2=" ">
    <subfield code="a">eng</subfield>
  </datafield>
  <datafield tag="022" ind1=" " ind2=" ">
    <subfield code="a">2014-6418</subfield>
  </datafield>
  <datafield tag="856" ind1="4" ind2="0">
    <subfield code="u">http://hipatiapress.com/hpjournals/index.php/qre/issue/view/89</subfield>
  </datafield>
  <datafield tag="520" ind1="3" ind2=" ">
    <subfield code="a">Qualitative Research in Education is an online journal fourth-monthly published by Hipatia which shows the results of qualitative researches aimed to promote significantly the understanding and improvement of the educational processes. Qualitative Res</subfield>
  </datafield>
  <datafield tag="520" ind1="3" ind2=" ">
    <subfield code="a">earch in Education gathers the outcomes from the educational researches carried out in different fields, disciplines and qualitative methodological approaches. These investigations have as a final purpose to improve the educational processes or contex</subfield>
  </datafield>
  <datafield tag="520" ind1="3" ind2=" ">
    <subfield code="a">ts. Consequently, the journal will publish disciplinary and multi-disciplinary pieces of work linked to education and more precisely to Pedagogy, Sociology, Anthropology, History, Philosophy, Linguistics, Geography, Mathematics, Physical Education, Mu</subfield>
  </datafield>
  <datafield tag="520" ind1="3" ind2=" ">
    <subfield code="a">sic or Political Science.This scientific journal was created to meet the need for recording the increasing scientific knowledge generated from qualitative researches. Qualitative Research in Education is one of the first scientific journals on thi</subfield>
  </datafield>
  <datafield tag="520" ind1="3" ind2=" ">
    <subfield code="a">s theme. It intends to be an international space for debate and educational reflection on participative implementations on research which involves the reality that is being investigated, the understanding of educational phenomena as well as the eviden</subfield>
  </datafield>
  <datafield tag="520" ind1="3" ind2=" ">
    <subfield code="a">ce that can encourage not only equity and improvement of outcomes in education but also a social change.Qualitative Research in Education aims to be indexed as soon as possible within the national and international Social Science databases such as</subfield>
  </datafield>
  <datafield tag="520" ind1="3" ind2=" ">
    <subfield code="a">ERIH, SCOPUS or Social Science Citation Index.</subfield>
  </datafield>
  <datafield tag="260" ind1=" " ind2=" ">
    <subfield code="c">2014</subfield>
  </datafield>
  <datafield tag="246" ind1="3" ind2="1">
    <subfield code="a">1</subfield>
    <subfield code="n"></subfield>
  </datafield>
  <datafield tag="650" ind1=" " ind2="7">
    <subfield code="2">UDC</subfield>
  </datafield>
  <datafield tag="999" ind1=" " ind2=" ">
    <subfield code="c">409220</subfield>
    <subfield code="d">409220</subfield>
  </datafield>
</record>
